[Event "AUTO-OPEN-1419"]
[Site "http://www.queenalice.com/game.php?id=530005"]
[Date "2009.1.26"]
[Round "1"]
[White "syber"]
[Black "Blazek"]
[Result "1-0"]
[WhiteElo "958"]
[BlackElo "1111"]

1. e4 c5 2. Nc3 e6 3. Nf3 Nc6 4. d3 Nf6 5. e5 Ng4 6. Bf4 h6 7. Be2 g5 8. Bg3 d5
9. exd6 Bxd6 10. Ne4 Bxg3 11. Nxg3 f5 12. h3 Nf6 13. Nd2 O-O 14. Nh5 Nd4 15. O-O
Nxe2+ 16. Qxe2 Qe8 17. Nxf6+ Rxf6 18. Nc4 1-0

[Event "AUTO-OPEN-1420"]
[Site "http://www.queenalice.com/game.php?id=530461"]
[Date "2009.1.27"]
[Round "1"]
[White "leiva2"]
[Black "Blazek"]
[Result "1-0"]
[WhiteElo "1778"]
[BlackElo "1122"]

1. e4 c5 2. Nf3 Nc6 3. d4 e6 4. Nc3 cxd4 5. Nxd4 Bb4 6. a3 Qa5 7. Nxc6 dxc6 8.
Bd2 Bxc3 9. Bxc3 Qg5 10. Bd2 Qf6 11. Bc3 e5 12. Bd3 Nh6 13. Qe2 O-O 14. f4 Bg4
15. Qf2 Qxf4 16. Qxf4 exf4 17. h3 Be6 18. O-O-O Rfd8 19. g4 fxg3 20. e5 g2 21.
Rh2 b6 22. Rxg2 Bxh3 23. Rg3 Be6 24. Rh1 c5 25. Rxh6 g6 26. Rg2 a6 27. Rgh2 Kf8
28. Rxh7 Ke7 29. Bxg6 1-0

[Event "AUTO-OPEN-1420"]
[Site "http://www.queenalice.com/game.php?id=530462"]
[Date "2009.1.27"]
[Round "1"]
[White "Blazek"]
[Black "leiva2"]
[Result "0-1"]
[WhiteElo "1075"]
[BlackElo "1776"]

1. d4 Nf6 2. c4 c6 3. e3 d5 4. Nc3 Nbd7 5. cxd5 cxd5 6. Bb5 a6 7. Qa4 e6 8.
Bxd7+ Bxd7 9. Qb3 b5 10. Nf3 Bd6 11. O-O O-O 12. Re1 Ne4 13. Rd1 Rc8 14. Nxe4
dxe4 15. Nd2 Qh4 16. g3 Qf6 17. Nxe4 Qe7 18. Nxd6 Qxd6 19. e4 Qe7 20. Bd2 Qf6
21. e5 Qf5 22. Bb4 Rfe8 23. Rd3 Bc6 24. Rc1 Bd5 25. Rxc8 Rxc8 26. Rc3 Qb1+ 0-1

[Event "AUTO-OPEN-1420"]
[Site "http://www.queenalice.com/game.php?id=530487"]
[Date "2009.1.27"]
[Round "1"]
[White "Blazek"]
[Black "po"]
[Result "0-1"]
[WhiteElo "1039"]
[BlackElo "1301"]

1. d4 d5 2. c4 e6 3. e3 Nf6 4. Nc3 c6 5. Nf3 dxc4 6. Bxc4 Be7 7. O-O c5 8. Qa4+
Bd7 9. Bb5 Bxb5 10. Nxb5 O-O 11. Rd1 cxd4 12. Nfxd4 a6 0-1

[Event "AUTO-OPEN-1420"]
[Site "http://www.queenalice.com/game.php?id=530488"]
[Date "2009.1.27"]
[Round "1"]
[White "po"]
[Black "Blazek"]
[Result "1-0"]
[WhiteElo "1307"]
[BlackElo "1033"]

1. e4 c5 2. Nf3 Nc6 3. d4 cxd4 4. Nxd4 Nxd4 5. Qxd4 d6 6. Nc3 e5 7. Qd5 h6 8.
Bb5+ Ke7 9. Ne2 Nf6 10. Qc4 Be6 11. Qd3 Qa5+ 12. Bd2 Qb6 13. f4 1-0

[Event "AUTO-OPEN-1420"]
[Site "http://www.queenalice.com/game.php?id=530489"]
[Date "2009.1.27"]
[Round "1"]
[White "Blazek"]
[Black "QueenFanny"]
[Result "0-1"]
[WhiteElo "1079"]
[BlackElo "1921"]

1. d4 Nf6 2. c4 g6 3. Nc3 Bg7 4. Nf3 d5 5. e3 O-O 6. h3 b6 7. Bd3 Ba6 8. Qb3 Nc6
9. Nxd5 Nxd5 10. cxd5 Na5 11. Qc3 Bxd3 12. Qxd3 Qxd5 13. e4 Qd7 14. O-O c5 15.
d5 e6 16. Rd1 Rad8 17. a4 exd5 18. exd5 Rfe8 19. Qb5 Qxb5 20. axb5 Rd7 21. Ra3
Nc4 22. Rb3 Red8 23. Rbd3 Nxb2 24. Bxb2 Bxb2 25. R3d2 Bc3 26. Rd3 Bf6 27. g3 g5
28. Kg2 h5 29. Nh2 Bd4 30. Nf3 Rxd5 0-1

[Event "AUTO-OPEN-1420"]
[Site "http://www.queenalice.com/game.php?id=530490"]
[Date "2009.1.27"]
[Round "1"]
[White "QueenFanny"]
[Black "Blazek"]
[Result "1-0"]
[WhiteElo "1398"]
[BlackElo "1100"]

1. e4 c5 2. Nf3 Nc6 3. d4 cxd4 4. Nxd4 Qa5+ 5. Nc3 e5 6. Nb3 Qb4 7. a3 Qb6 8.
Be3 Qd8 9. Bc4 a6 10. Qf3 Nf6 11. Nd5 b5 12. Bb6 Nd4 13. Nxd4 1-0

[Event "AUTO-BEG-289"]
[Site "http://www.queenalice.com/game.php?id=534192"]
[Date "2009.2.3"]
[Round "1"]
[White "Blazek"]
[Black "leorsantos"]
[Result "0-1"]
[WhiteElo "1028"]
[BlackElo "1224"]

1. e4 e5 2. Bc4 Nf6 3. Nf3 Nxe4 4. Nxe5 Qh4 5. O-O d5 6. Bxd5 Be7 7. g3 Qg5 8.
Qf3 c6 9. Qxf7+ Kd8 10. f4 Qf6 11. Qxf6 Nxf6 12. Nf7+ Ke8 13. Nxh8 Nxd5 14. c4
Nb4 0-1

[Event "AUTO-BEG-289"]
[Site "http://www.queenalice.com/game.php?id=534193"]
[Date "2009.2.3"]
[Round "1"]
[White "leorsantos"]
[Black "Blazek"]
[Result "1-0"]
[WhiteElo "1232"]
[BlackElo "1020"]

1. e4 c5 2. Qh5 e6 3. Qe5 Nc6 4. Qh5 Nf6 5. Qf3 a6 6. Nh3 Nd4 7. Qf4 Nxc2+ 8.
Kd1 Nxa1 9. Ng5 d5 10. Bd3 Bd6 11. e5 Bc7 12. exf6 Bxf4 13. Bxh7 gxf6 14. Nc3
Bxg5 15. d3 Bxc1 16. Kxc1 Rxh7 17. Kb1 d4 18. Ne4 1-0

[Event "AUTO-BEG-289"]
[Site "http://www.queenalice.com/game.php?id=534194"]
[Date "2009.2.3"]
[Round "1"]
[White "Blazek"]
[Black "DALECIO_RAZIEL"]
[Result "0-1"]
[WhiteElo "1151"]
[BlackElo "1469"]

1. d4 d5 2. c4 dxc4 3. Qa4+ c6 4. Qxc4 Be6 5. Qb4 b5 6. Nf3 f6 7. e4 Na6 8. Qc3
Bg4 9. Qxc6+ Kf7 10. Qxa6 Bxf3 11. Bxb5 Qxd4 12. Bc4+ Kg6 13. gxf3 e5 14. Rg1+
Kh5 15. Be2 Bb4+ 16. Bd2 Bxd2+ 17. Nxd2 Qxb2 0-1

[Event "AUTO-BEG-289"]
[Site "http://www.queenalice.com/game.php?id=534195"]
[Date "2009.2.3"]
[Round "1"]
[White "DALECIO_RAZIEL"]
[Black "Blazek"]
[Result "1-0"]
[WhiteElo "1465"]
[BlackElo "1158"]

1. e4 c5 2. c4 e6 3. e5 Nc6 4. f4 Nge7 5. g4 Ng6 6. d3 Qh4+ 7. Kd2 Nxf4 8. Nf3
Qf2+ 9. Be2 Nd4 10. Nxd4 Qxd4 11. Kc2 Qxe5 12. Rf1 Nxe2 13. Bd2 Nd4+ 14. Kc1
Qxh2 15. Bf4 Ne2+ 16. Kc2 Nxf4+ 17. Kb3 b5 18. cxb5 Rb8 19. a4 1-0